Normal view
MARC view
- NOISE IN ELECTRICAL COMMUNICATIO; DIGITAL COMMUNICATIONS; MODULATION-ELECTRONICS; SINAL THEORY-TELECOMMUNICATION
Entry Topical Term
001 - CONTROL NUMBER
- control field: 60766
003 - CONTROL NUMBER IDENTIFIER
- control field: NUST
005 - DATE AND TIME OF LATEST TRANSACTION
- control field: 20210628202621.0
008 - FIXED-LENGTH DATA ELEMENTS
- fixed length control field: 210628|| aca||aabn | a|a d
040 ## - CATALOGING SOURCE
- Original cataloging agency: NUST
- Transcribing agency: NUST
150 ## - HEADING--TOPICAL TERM
- Topical term or geographic name entry element: NOISE IN ELECTRICAL COMMUNICATIO; DIGITAL COMMUNICATIONS; MODULATION-ELECTRONICS; SINAL THEORY-TELECOMMUNICATION
670 ## - SOURCE DATA FOUND
- Source citation: Work cat.: (NUST): Crilly, Paul B,Rutledge, Janet C,Carlson, A.Bruce 60765, Communication systems an introduction to signals and noise in electrical communication, 2002
